A political history of Pakistan, 1947-2007 / (Record no. 3463)

000 -LEADER
fixed length control field 01354cam a2200349 i 4500
001 - CONTROL NUMBER
control field 17616533
003 - CONTROL NUMBER IDENTIFIER
control field OSt
005 - DATE AND TIME OF LATEST TRANSACTION
control field 20180117090006.0
008 - FIXED-LENGTH DATA ELEMENTS--GENERAL INFORMATION
fixed length control field 130207s2013 pk b 001 0 eng
010 ## - LIBRARY OF CONGRESS CONTROL NUMBER
LC control number 2013344161
020 ## - INTERNATIONAL STANDARD BOOK NUMBER
International Standard Book Number 9780199063802
025 ## - OVERSEAS ACQUISITION NUMBER
Overseas acquisition number P-E-2013344161; 28
037 ## - SOURCE OF ACQUISITION
Source of stock number/acquisition Library of Congress -- Islamabad Overseas Office
040 ## - CATALOGING SOURCE
Original cataloging agency DLC
Language of cataloging eng
Transcribing agency DLC
Description conventions rda
041 1# - LANGUAGE CODE
Language code of text/sound track or separate title eng
Language code of original rus
042 ## - AUTHENTICATION CODE
Authentication code lcode
-- pcc
043 ## - GEOGRAPHIC AREA CODE
Geographic area code a-pk---
050 00 - LIBRARY OF CONGRESS CALL NUMBER
Classification number DS384
Item number .B445 2013
082 ## - DEWEY DECIMAL CLASSIFICATION NUMBER
Classification number 954.91
100 1# - MAIN ENTRY--PERSONAL NAME
Personal name V.Y. Belokrenitsky
9 (RLIN) 383
245 12 - TITLE STATEMENT
Title A political history of Pakistan, 1947-2007 /
Statement of responsibility, etc. V.Y. Belokrenitsky and V.N. Moskalenko.
260 ## - PUBLICATION, DISTRIBUTION, ETC.
Place of publication, distribution, etc. Karachi
Name of publisher, distributor, etc. Oxford university press
Date of publication, distribution, etc. 2013
300 ## - PHYSICAL DESCRIPTION
Extent xxi, 497 pages ;
Dimensions 23 cm
504 ## - BIBLIOGRAPHY, ETC. NOTE
Bibliography, etc. note Includes bibliographical references (pages 457-469) and index.
651 #0 - SUBJECT ADDED ENTRY--GEOGRAPHIC NAME
Geographic name Pakistan
General subdivision Politics and government.
9 (RLIN) 206
651 #0 - SUBJECT ADDED ENTRY--GEOGRAPHIC NAME
Geographic name Pakistan
General subdivision Politics and government
Chronological subdivision 1988-
9 (RLIN) 384
700 1# - ADDED ENTRY--PERSONAL NAME
Personal name Moskalenko, V. N.
Fuller form of name (Vladimir Nikolaevich),
Dates associated with a name 1932-
9 (RLIN) 385
906 ## - LOCAL DATA ELEMENT F, LDF (RLIN)
a 7
b cbc
c origode
d 3
e ncip
f 20
g y-gencatlg
942 ## - ADDED ENTRY ELEMENTS (KOHA)
Source of classification or shelving scheme
Koha item type Book
Holdings
Withdrawn status Lost status Source of classification or shelving scheme Damaged status Not for loan Collection code Permanent Location Current Location Shelving location Date acquired Total Checkouts Total Renewals Full call number Barcode Date last seen Date last checked out Price effective from Koha item type
            Central Library (CL) Central Library (CL) General Stacks 06/27/2016 6 5 954.9104 BEL S3H-S-793 01/26/2026 12/25/2025 06/27/2016 Book
© 2023 Central Library, National University of Sciences and Technology. All Rights Reserved.